10 questions sur ...... Messi - Statistiques

Statistiques générales
  • Ce quiz a été pris 559 fois
  • Le résultat moyen est 9 sur 10
Statistiques - réponses
Hint Réponse % Correct
combien a-t-il de ballon d'or 8
99%
En quelle année Messi a gagné la coupe du monde 2022
98%
Quel club a-t-il rejoint en 2021 PSG
98%
En quelle année a-t-il gagné sa dernière ligue des champions 2015
97%
Avec quels joueurs a-t-il formé un trio Neymar et Suarez
96%
Quel est son record de buts en 2012 91
93%
Quel était le score de la remontada Barça - PSG 6-1
92%
Son 1er numéro en tant que professionnel 30
89%
Contre quel club a-t-il marqué le coup france en ligue des champions 2019 Liverpool
86%
Contre quel club a-t-il marqué son 1er triplé Real Madrid
81%
Aucun quiz correspondant
Distribution des résultats
% des personnes avec chaque résultat
Percentile par nombre de réponses
Votre historique - résultats
Vous n’avez pas pris ce quiz